IFM Opac

Social Security Pensions:development and reform (Record no. 17160)

MARC details
000 -LEADER
fixed length control field 00445nam a22001457a 4500
020 ## - INTERNATIONAL STANDARD BOOK NUMBER
International Standard Book Number 9221188597
082 ## - DEWEY DECIMAL CLASSIFICATION NUMBER
Classification number 368.45SOC
100 ## - MAIN ENTRY--PERSONAL NAME
Personal name Social Security Pensions
245 ## - TITLE STATEMENT
Title Social Security Pensions:development and reform
260 ## - PUBLICATION, DISTRIBUTION, ETC.
Place of publication, distribution, etc. Geneva
Name of publisher, distributor, etc. International Labour Office
Date of publication, distribution, etc. 2000
300 ## - PHYSICAL DESCRIPTION
Extent xxv;,769p.
Other physical details ill,24cm.
500 ## - GENERAL NOTE
General note include glossary,bibliography,index.
650 ## - SUBJECT ADDED ENTRY--TOPICAL TERM
Topical term or geographic name entry element Social Security Pensions,development and reform
942 ## - ADDED ENTRY ELEMENTS (KOHA)
Koha item type Books

No items available.